Průmyslový věstník

Gespeichert in:
Bibliographische Detailangaben
Format: Schriftenreihe
Sprache:Tschechisch
Veröffentlicht: Praha Ústřední svaz čsl. průmyslníků
Tags: Tag hinzufügen
Keine Tags, Fügen Sie das erste Tag hinzu!

MARC

LEADER 00000nas1a2200000$$$4500
001 0016175
005 20250730114821.1
041 0 |a cze 
044 |a CZ 
245 1 0 |a Průmyslový věstník 
264 1 |a Praha  |b Ústřední svaz čsl. průmyslníků